000 00764nam a2200181Ia 4500
008 100921s9999 xx 000 0 und d
082 _b40333
_a641.6 न 05
100 _aऔरंगाबादकर अनुराधा.
245 _aलोणच्याचे 205 प्रकार.
260 _bनवचैतन्य प्रकाशन, मुंबई.
_c2005
300 _a112
_bकलाभारती वितरण,पुणे
365 _b80
520 _aतं.वि.-गृह-पा.शास्त्र.
630 _aलोणच्याचे 205 प्रकार.
650 _aतं.वि.-गृह-पा.शास्त्र.
730 _aलोणच्याचे 205 प्रकार.
942 _cBOOK
999 _c789446
_d789443